Manual de derecho procesal civil /

Guardado en:
Autor Principal: Palacio, Lino Enrique
Otros Autores: Camps, Carlos E., (Actor)
Formato: Libro
Idioma:Spanish
Publicado: Ciudad Autónoma de Buenos Aires : Abeledo Perrot, 2018.
Edición:21a. ed. 4a. reimp.
Materias:
Etiquetas: Agregar Etiqueta
Sin Etiquetas, Sea el primero en etiquetar este registro!
LEADER 00583nam a22001695a 4500
001 DER.der013635
008 180615s2018####ag#####|###|#|######spa||
005 20250822133052.0
245 1 0 |a Manual de derecho procesal civil /  |c Lino Enrique Palacio ; actualizado por Carlos E. Camps. 
250 |a 21a. ed. 4a. reimp. 
260 |a Ciudad Autónoma de Buenos Aires :  |b Abeledo Perrot,  |c 2018. 
300 |a 1016 p. 
020 |a 9789502026336 
100 1 |a Palacio, Lino Enrique 
700 1 |a Camps, Carlos E.,  |e act. 
650 7 |a DERECHO PROCESAL CIVIL 
859 |a DERECHO  |b BIB. DERECHO  |h 347.05  |i PAL  |p 008673